Текст томруулах:    
Contemporary families and relationships (Бичлэгийн дугаар. 145185)
000 -УДИРДЛАГА
Удирдлага 01891nam a22005297a 4500
003 - ХЯНАЛТЫН ТОО ТОДОРХОЙЛОГЧ
Код MN-UlNUM
005 - БИЧИЛТ ХИЙСЭН ОГНОО
Тухайн бичилтийг бичсэн засварласан сүүлийн огноо 20251103103645.0
008 - ЕРӨНХИЙ МЭДЭЭЛЭЛ
Ерөнхий мэдээлэл 241009s1995 nyua b 001 0 eng
020 ## - ISBN
ISBN 0070551332
040 ## - БИЧЛЭГ ҮҮСГЭГЧ БАЙГУУЛЛАГА
Бичлэг үүсгэгч номын сангийн код МУИС-ийн номын сан
084 ## - ББК АНГИЛАЛ
Нэмэлт тусгалт Нэг сэдэвт бүтээл
ББК ангилал 71.4
Зохиогчийн гурван тэмдэгт S 30
Мэдлэгийн ялгаа 71 - Соёл
100 1# - ЗОХИОГЧ
Зохиогчийн нэр Scanzoni, John H.
Зохиогчийн огноо 1935-
245 10 - ҮНДСЭН ГАРЧИГ
Номын нэр Contemporary families and relationships
Бага гарчгийн мэдээ reinventing responsibility
Оролцогчдын тухай мэдээ John Scanzoni
260 ## - ГАРАЛТЫН МЭДЭЭ
Хэвлэгдсэн газар New York :
Хэвлэлийн газар McGraw-Hill,
Хэвлэгдсэн он c1995.
300 ## - МАТЕРИАЛЫН ТОДОРХОЙЛОЛТ
хуудасны тоо xviii, 474 p. :
Бусад тоон мэдээлэл ill. ;
Хэмжээ 25 cm.
500 ## - Тайлбар
Дансны дугаар БС 5623
546 ## - ХЭЛНИЙ ТУХАЙ МЭДЭЭ
Хэл Англи хэл дээр,
653 ## - Түлхүүр үг
Түлхүүр үг United States
653 ## - Түлхүүр үг
Түлхүүр үг families
653 ## - Түлхүүр үг
Түлхүүр үг marriage
740 ## - НОМЫН ГАРЧИГ
Гарчиг CENTRAL IDEAS
740 ## - НОМЫН ГАРЧИГ
Гарчиг Introduction: What this Book is About
740 ## - НОМЫН ГАРЧИГ
Гарчиг Families We Choose
740 ## - НОМЫН ГАРЧИГ
Гарчиг Families We're Born With
740 ## - НОМЫН ГАРЧИГ
Гарчиг Some Contemporary Sexual Scenes
740 ## - НОМЫН ГАРЧИГ
Гарчиг Inventing Erotic Friendships
740 ## - НОМЫН ГАРЧИГ
Гарчиг HISTORICAL PERSPECTIVES
740 ## - НОМЫН ГАРЧИГ
Гарчиг Earlier Families: The 1700s up to the 1920s
740 ## - НОМЫН ГАРЧИГ
Гарчиг Earlier Families: The 1700s up to the 1920s
740 ## - НОМЫН ГАРЧИГ
Гарчиг From the Modern Family to Post-Modern Families: The 1920s through the 1960s
740 ## - НОМЫН ГАРЧИГ
Гарчиг EXAMPLES OF REINVENTION
740 ## - НОМЫН ГАРЧИГ
Гарчиг Singleness
740 ## - НОМЫН ГАРЧИГ
Гарчиг Cohabitation: The Spread of Informal Marriages
740 ## - НОМЫН ГАРЧИГ
Гарчиг Formal Marriages & Remarriages
740 ## - НОМЫН ГАРЧИГ
Гарчиг Conflict, Negotiation, and Problem-Solving
740 ## - НОМЫН ГАРЧИГ
Гарчиг Sexual Assault, Harassment, and Physical Force Among Adults
740 ## - НОМЫН ГАРЧИГ
Гарчиг Divorce
740 ## - НОМЫН ГАРЧИГ
Гарчиг Aging, the Family Life-Cycle, and Life Courses
740 ## - НОМЫН ГАРЧИГ
Гарчиг The Intersect of Paid Work and Home Work
740 ## - НОМЫН ГАРЧИГ
Гарчиг Birthing and Parenting
740 ## - НОМЫН ГАРЧИГ
Гарчиг The Physical and Sexual Abuse of Children
740 ## - НОМЫН ГАРЧИГ
Гарчиг THE QUEST FOR RESPONSIBILITY
740 ## - НОМЫН ГАРЧИГ
Гарчиг Public Policies for Families
942 ## - ЭЛЕМЕНТИЙН ТӨРӨЛ
Зүйлийн төрөл Ном